| 000 -LEADER |
| fixed length control field |
00942cam a2200277 i 4500 |
| 001 - CONTROL NUMBER |
| control field |
14618 |
| 003 - CONTROL NUMBER IDENTIFIER |
| control field |
BD-DhUAP |
| 005 - DATE AND TIME OF LATEST TRANSACTION |
| control field |
20200208152409.0 |
| 008 - FIXED-LENGTH DATA ELEMENTS--GENERAL INFORMATION |
| fixed length control field |
200208s2009 bg b 001 0 eng |
| 020 ## - INTERNATIONAL STANDARD BOOK NUMBER |
| Canceled/invalid ISBN |
9789843304056 |
| 040 ## - CATALOGING SOURCE |
| Original cataloging agency |
DLC |
| Language of cataloging |
eng |
| Description conventions |
rda |
| Transcribing agency |
DLC |
| Modifying agency |
BD-DhUAP |
| 041 0# - LANGUAGE CODE |
| Language code of text/sound track or separate title |
eng |
| -- |
ben |
| 082 ## - DEWEY DECIMAL CLASSIFICATION NUMBER |
| Edition number |
23 |
| Classification number |
345.5402323 UND |
| 245 10 - TITLE STATEMENT |
| Title |
Understanding crime and policing in Bangladesh / |
| Statement of responsibility, etc. |
Edited by Mir Shamsur Rahman, Mohammad Azizur Rahman and Mohammed Bin Kashem. |
| 264 #1 - PRODUCTION, PUBLICATION, DISTRIBUTION, MANUFACTURE, AND COPYRIGHT NOTICE |
| Place of production, publication, distribution, manufacture |
Dhaka : |
| Name of producer, publisher, distributor, manufacturer |
CCRB, |
| Date of production, publication, distribution, manufacture, or copyright notice |
c2009. |
| 300 ## - PHYSICAL DESCRIPTION |
| Extent |
223 pages ; |
| Dimensions |
25 cm |
| 520 ## - SUMMARY, ETC. |
| Summary, etc. |
Laws on anti-corruption with latest amendments |
| 546 ## - LANGUAGE NOTE |
| Language note |
In English and Bengali. |
| 650 #0 - SUBJECT ADDED ENTRY--TOPICAL TERM |
| Topical term or geographic name entry element |
Political corruption |
| General subdivision |
Law and legislation |
| Geographic subdivision |
Bangladesh. |
| 650 #0 - SUBJECT ADDED ENTRY--TOPICAL TERM |
| Topical term or geographic name entry element |
Misconduct in office |
| Geographic subdivision |
Bangladesh. |
| 650 #0 - SUBJECT ADDED ENTRY--TOPICAL TERM |
| Topical term or geographic name entry element |
Political corruption |
| General subdivision |
Prevention. |
| 700 ## - ADDED ENTRY--PERSONAL NAME |
| Personal name |
Rahman, Mir Shamsur. |
| 700 ## - ADDED ENTRY--PERSONAL NAME |
| Personal name |
Rahman, Mohammad Azizur. |
| 700 ## - ADDED ENTRY--PERSONAL NAME |
| Personal name |
Kashem, Mohammed Bin. |
| 942 ## - ADDED ENTRY ELEMENTS (KOHA) |
| Source of classification or shelving scheme |
|
| Koha item type |
Book |